| 000 | 00417 a2200145 4500 | ||
|---|---|---|---|
| 001 | ART_26203 | ||
| 005 | 20260410161936.0 | ||
| 008 | 260409a | ||
| 245 | 1 | 0 | _aEstudio de sistemas de medida con ensayos destructivos |
| 100 | 1 | _aQuaglino, Marta | |
| 700 | 1 | _aPagura, José | |
| 700 | 1 | _aDianda, Daniela | |
| 700 | 1 | _aLupachini, Evangelina | |
| 773 | 0 |
_tSaberEs _g- Nº 2 (jun. 2010) _wREV26089 |
|
| 999 |
_c29095 _d29095 |
||